[Event "Valencia Autonomico Norte-B"]
[Site "Valencia"]
[Date "2009.01.20"]
[Round "3.5"]
[White "Flores Ramos, Jose"]
[Black "Romagosa Puchades, Jorge"]
[Result "0-1"]
[WhiteElo "1963"]
[BlackElo "1908"]
[PlyCount "92"]
[EventDate "2009.01.10"]
[EventType "team-tourn"]
[EventRounds "5"]
[EventCountry "ESP"]
[SourceTitle "EXT 2011"]
[Source "ChessBase"]
[SourceDate "2010.11.26"]
[SourceVersion "1"]
[SourceVersionDate "2010.11.26"]
[SourceQuality "1"]

1. e4 c5 2. Nf3 d6 3. d4 cxd4 4. Nxd4 Nf6 5. Nc3 a6 6. Bg5 e6 7. f4 Nbd7 8. Qf3 Qc7 9. 0-0-0 b5 10. a3 Bb7 11. Bd3 Rc8 12. Kb1 Nb6 13. Rhe1 Nc4 14. Bxc4 Qxc4 15. Qd3 Be7 16. h3 h6 17. Bxf6 Bxf6 18. e5 dxe5 19. fxe5 Be7 20. Ne4 Qxd3 21. Rxd3 0-0 22. Nf3 Rfd8 23. Rc3 Rxc3 24. Nxc3 b4 25. axb4 Bxb4 26. Rd1 Rxd1+ 27. Nxd1 Bc5 28. b3 g5 29. Nb2 Kg7 30. Nd3 Be3 31. c4 a5 32. Kc2 Kg6 33. Kc3 Kf5 34. c5 Ke4 35. Nfe1 Bd4+ 36. Kc2 Bxe5 37. Nxe5 Kxe5 38. Kc3 Kd5 39. b4 axb4+ 40. Kxb4 e5 41. g3 f5 42. Nc2 f4 43. gxf4 gxf4 44. Kb5 f3 45. Nb4+ Ke4 46. Kb6 Bc8 0-1